| 000 | 00409nam a2200133Ia 4500 | ||
|---|---|---|---|
| 008 | 170516s9999 xx 000 0 und d | ||
| 245 | _aEpCAM Aptamer-mediated Survivin Silencing Sensitized Cancer Stem Cells to Doxorubicin in a Breast Cancer Model | ||
| 260 | _bTheranostics | ||
| 260 | _c2015 | ||
| 300 | _a5:12 | ||
| 650 | _xMedical Technology | ||
| 650 | _xMedtech | ||
| 856 | _uhttp://www.thno.org/v5i12 | ||
| 999 |
_c330233 _d330233 |
||